S2 : Dates Histoire moderne - Statistiques

Statistiques générales
  • Ce quiz a été pris 45 fois
  • Le résultat moyen est 15 sur 52
Statistiques - réponses
Hint Réponse % Correct
Révocation de l’édit de Nantes 1685
75%
Mort de Michel L'Hotellier, remplacé par Boucharat 1685
75%
Mort de Louis XIV. 1715
75%
Édit de Nantes 1598
54%
Publication de "La fréquente communion" de Saint-Cyran 1643
54%
Louis XIV devient roi le 14 mai 1643
54%
Arrestation de Fouquet le 5 septembre 1661
54%
Mort de Mazarin le 9 mars ; début du règne personnel de Louis XIV 1661
54%
Signature obligatoire d’un formulaire contre le jansénisme 1661
54%
Prise de La Rochelle 1628
36%
Publication de "L’Augustinus" de Jansénius 1640
36%
Début de la révolte des Camisards 1702
36%
Fin de la révolte camisarde 1710
36%
Début des tensions entre Rome et la France sur la Régale 1662
32%
Signature du traité des Pyrénée 1659
29%
Le maréchal de Villars obtient la soumission des camisards 1704
29%
Reprise de la révolte camisarde 1705
29%
Derniers États Généraux de l'Ancien Régime 1789
29%
Louis XIV étend le droit de Régale à tous les évêchés 1673
25%
Discussion entre le pasteur Claude et Turenne 1678
25%
Apogée militaire de Louis XIV après la guerre de Hollande 1678
25%
Mort de Colbert 1683
25%
Suppression de la Compagnie du Nord 1684
25%
"Remontrances à Louis XIV" de Fénelon après un hiver terrible 1694
25%
Nomination de Pontchartrain comme chancelier 1699
25%
Création de la Compagnie des Indes néerlandaise (VOC) 1602
21%
Édit de grâce d'Alès 1629
21%
Condamnation des 5 propositions jansénistes par Rome 1653
21%
Augmentation des tarifs douaniers contre les Provinces-Unies 1664
21%
Création de la Compagnie des Indes Orientales 1664
21%
Conversion de Turenne 1668
21%
Chute de la Compagnie du Levant 1670
21%
Suppression des Compagnies des Indes Occidentales et du Nord 1674
21%
Mort d’Étienne d’Aligre, remplacé par Michel L'Hotellier 1677
21%
Début du durcissement contre les protestants 1679
21%
La manufacture Van Robais comprend 80 métiers et 1600 ouvriers 1680
21%
Mise en place de la Paulette 1604
18%
Mort de Jansénius 1638
18%
Rédaction du Mémoire pour servir à l’instruction du Dauphin 1665
18%
Un acte déclare que les enfants protestants convertis peuvent être retirés à leurs parents 1665
18%
Nouvel alourdissement des droits de douane 1667
18%
Ordonnance sur la teinture 1671
18%
"Exposition de la doctrine de l’Église catholique" par Bossuet 1671
18%
Création d’une "caisse des conversions" pour récompenser les protestants convertis 1676
18%
Début de la lutte contre le jansénisme 1660
14%
Turenne refuse le titre de connétable pour ne pas se convertir 1660
14%
Édit sur la qualité des étoffes françaises 1669
14%
Création de la Compagnie du Nord 1669
14%
Apparition de la première mention des intendants en Bourgogne 1592
11%
Période de la Fronde 1648-1651
4%
Colbert gère la fortune de Mazarin 1651-1661
0%
"Les Provincialese" de Blaise Pascal défendent le jansénisme. 1656-1657
0%
Aucun quiz correspondant
Distribution des résultats
% des personnes avec chaque résultat
Percentile par nombre de réponses
Votre historique - résultats
Vous n’avez pas pris ce quiz